Stanovovanie kritérií na hodnotenie splnenia podmienok účasti
Stanovovanie podmienok účasti podnikateľských subjektov v súťaži o získanie zákazky financovanej z verejných zdrojov. Preukázanie spôsobilosti účastníkov pre poskytovanie požadovaného tovaru, stavebnej práce alebo služby. Stanovovanie podmienok účasti, týkajúcich sa finančného a ekonomického postave...
Salvato in:
| Autore principale: | |
|---|---|
| Natura: | Capitolo di libro |
| Lingua: | slovacco |
| Soggetti: | |
| Tags: |
Nessun Tag, puoi essere il primo ad aggiungerne!!
|
MARC
| LEADER | 00000naa$a2200000$$$4500 | ||
|---|---|---|---|
| 001 | 0069849 | ||
| 005 | 20231013071745.0 | ||
| 041 | 0 | |a slo | |
| 044 | |a SK | ||
| 245 | 1 | 0 | |a Stanovovanie kritérií na hodnotenie splnenia podmienok účasti |c Drahoslav Lorinc |
| 520 | |a Stanovovanie podmienok účasti podnikateľských subjektov v súťaži o získanie zákazky financovanej z verejných zdrojov. Preukázanie spôsobilosti účastníkov pre poskytovanie požadovaného tovaru, stavebnej práce alebo služby. Stanovovanie podmienok účasti, týkajúcich sa finančného a ekonomického postavenia podľa § 27 zákona č. 25/2006 Z. z. Stanovovanie podmienok účasti, týkajúcich sa technickej alebo odbornej spôsobilosti podľa § 28 zákona č. 25/2006 Z. z. Požiadavky na zabezpečenie kvality v zmysle § 29 zákona č. 25/2006 Z. z. | ||
| 610 | 2 | 0 | |a podnikatelia |
| 610 | 2 | 0 | |a súťaž verejná |
| 610 | 2 | 0 | |a zdroje finančné |
| 610 | 2 | 0 | |a zákony |
| 610 | 2 | 0 | |a Slovensko |
| 610 | 2 | 0 | |a podnik spôsobilý |
| 610 | 2 | 0 | |a kvalita |
| 100 | 1 | |a Lörinc, Drahoslav | |